Harmónia a harmonické cítenie v kontexte hudobnej edukácie

Bibliographic Details
Main Author: Brodniansky, Michal, 1986- (Author)
Format: Video
Language:Slovak
PhysicalDescription:96 strán grafy, noty, schémy, tabuľky 25 cm 1 DVD
Published: Banská Bystrica Belianum 2021
ISBN:9788055718569
Edition:Vydanie prvé
Series:Pedagogická fakulta
Subjects:

MARC

LEADER 00000nam a2200000 4500
001 vtls012083612
003 SK-MaSNL
005 20260301230921.0
007 v| |va
008 220117s2021 xo dkglg 001 0 slo
015 |a SNBA2022/07 
020 |a 9788055718569  |q (brožované) 
040 |a SNK  |b slo  |c SNK  |e rda 
041 0 |a slo 
044 |a xo  |c SK 
072 7 |a 781  |x Hudobná teória  |2 konspekt 
080 |a 78:37.016  |2 2011 
080 |a (048.8)  |2 2011 
080 |a 781.4  |2 2001 
080 |a 78:159.93  |2 2011 
080 |a 001.891  |2 2011 
100 1 |a Brodniansky, Michal,  |d 1986-  |4 aut  |9 199017 
245 1 0 |a Harmónia a harmonické cítenie v kontexte hudobnej edukácie  |c Michal Brodniansky 
250 |a Vydanie prvé 
264 1 |a Banská Bystrica  |b Belianum  |c 2021 
300 |a 96 strán  |b grafy, noty, schémy, tabuľky  |c 25 cm  |e 1 DVD 
336 |a text  |b txt  |2 rdacontent 
336 |a dvojrozmerný pohyblivý obraz  |b tdi  |2 rdacontent 
337 |a bez média  |b n  |2 rdamedia 
337 |a video  |b v  |2 rdamedia 
338 |a zväzok  |b nc  |2 rdacarrier 
338 |a video disk  |b vd  |2 rdacarrier 
366 |e 100 kusov 
490 1 |a Pedagogická fakulta 
500 |a DVD obsahuje hudobné nahrávky a video nahrávky 
504 |a Bibliografia na strane 92-95, bibliografické odkazy a register 
650 0 7 |a harmónia (hudba)  |2 SNKPH  |9 2859 
650 0 7 |a hudobná výchova  |2 SNKPH  |9 1662 
650 0 7 |a vnímanie hudby  |2 SNKPH  |9 71068 
650 0 7 |a Musical learning and teaching  |2 SNKPHeng  |9 275488 
650 0 7 |a Harmony  |2 SNKPHeng  |9 312817 
650 0 7 |a Perception of music  |2 SNKPHeng  |9 618673 
650 0 7 |a výskum  |2 SNKPH  |9 4238 
650 0 7 |a Research  |2 SNKPHeng  |9 265525 
655 7 |a štúdie  |2 SNKPH  |9 57033 
655 7 |a Studies  |2 SNKPHeng  |9 265573 
710 2 |a Univerzita Mateja Bela v Banskej Bystrici.  |b Pedagogická fakulta  |4 pbl 
710 2 |a Univerzita Mateja Bela v Banskej Bystrici.  |b Vydavateľstvo Belianum  |4 pbl  |9 209059 
810 2 |a Univerzita Mateja Bela v Banskej Bystrici.  |t Pedagogická fakulta 
919 |a 978-80-557-1856-9 
954 |a odborná, vedecká literatúra pôvodná (slovenská)  |2 lita 
958 |a NB 
999 |c 956502  |d 958432 
952 |a SNK  |b SNK  |y PREZ  |7 0  |p 17A1490104  |o snkSC 197291  |i snk2022/7115  |8 0  |3 Dokument obsahuje prílohu - 1 DVD  |0 0  |1 0  |4 0  |d 2022-05-09  |f 1  |l 0  |r 2025-10-16 00:00:00  |w 2026-02-24 
952 |a SNK  |b SNK  |y PREZ  |7 0  |p 17A1490105  |o snkSC 197291/príl.  |i snk2022/7115  |8 0  |z Príl.: 1 DVD  |0 0  |1 0  |4 0  |d 2022-05-09  |f 1  |l 0  |r 2025-10-16 00:00:00  |w 2026-02-24 
952 |a SNK  |b SNK  |y VYP  |7 0  |p 17A1490106  |o snkSC 197291 D1  |i snk2022/7116  |8 0  |3 Dokument obsahuje prílohu - 1 DVD  |0 0  |1 0  |4 0  |d 2022-05-09  |l 0  |r 2026-02-24 10:06:04  |w 2026-02-24 
952 |a SNK  |b SNK  |y PREZ  |7 0  |p 17A1490107  |o snkSC 197291/príl. D1  |i snk2022/7116  |8 0  |z Príl.: 1 DVD  |0 0  |1 0  |4 0  |d 2022-05-09  |l 0  |r 2026-02-24 10:06:04  |w 2026-02-24